Tres rusos: Tolstoi, Chejov, Andreiev
Furkejuvvon:
| Váldodahkki: | |
|---|---|
| Materiálatiipa: | Girji |
| Giella: | espánnjágiella |
| Almmustuhtton: |
Santiago
Ediciones Nacionales y Extranjeras
1936
|
| Preanttus: | 1a. ed |
| Fáttát: | |
| Fáddágilkorat: |
Lasit fáddágilkoriid
Eai fáddágilkorat, Lasit vuosttaš fáddágilkora!
|
MARC
| LEADER | 00000nam a2200000 a 4500 | ||
|---|---|---|---|
| 001 | UCJ8677 | ||
| 003 | CL-VaPUC | ||
| 008 | 070124e19360000CL |||||||||||||||||spa|d | ||
| 082 | 0 | 4 | |a 928 |b GOR |2 21 |
| 100 | 0 | |a Gorki, Máximo |e author |9 352808 | |
| 245 | 1 | 0 | |a Tres rusos: Tolstoi, Chejov, Andreiev |
| 250 | |a 1a. ed | ||
| 300 | |a 172 p | ||
| 942 | |c BK | ||
| 945 | |d 20070124 00:00:00 |a rinostro | ||
| 260 | |a Santiago |b Ediciones Nacionales y Extranjeras |c 1936 | ||
| 600 | 0 | 7 | |a CHEJOV, ANTON PAVLOVICH |2 CL-VaPUC |9 352083 |
| 600 | 0 | |a Tolstoi, León Graf |d 1828-1910 |9 346194 | |
| 600 | 0 | 7 | |a ANDREIEV, LEONID |2 CL-VaPUC |9 517580 |
| 650 | 0 | |a Biografías |9 255210 | |
| 650 | 7 | |a NOVELA RUSA |2 CL-VaPUC |9 344188 | |
| 650 | 0 | |a Crítica literaria |9 269189 | |
| 583 | |a last modification |c 20070124 00:00:00 |k Rodrigo Vera | ||
| 999 | |c 324347 |d 324345 | ||
| 952 | |0 0 |1 0 |4 0 |6 928_000000000000000_GOR_1936 |7 0 |8 X |9 404439 |a FDOBUD |b FDOBUD |d 2019-11-22 |i 1082183 |o 928 GOR 1936 |p 1082183 |r 2019-11-22 |w 2019-11-22 |y BK_X |k BUD | ||